000 00635nam a2200217 i 4500
001 65065
003 ES-MaACL
005 20250507063018.0
007 t|
008 040108s1978 sp ||||1| spa d
100 1 _aFraga Iribarne, Manuel,
_d1922-2012
_9193721
245 1 3 _aLa crisis del Estado español /
_cManuel Fraga Iribarne.
250 _a[2ª ed.].
260 _aBarcelona :
_bPlaneta,
_c[1978]
300 _a208 p. ;
_c18 cm.
490 1 _aColección textos
830 0 _aColección textos
_9180523
852 _aES-MaACL
_jA-9340
_bR.98345
852 _aES-MaACL
_jL-6620
_bR.107321
999 _c65065
_d65065